000 00446nam a2200121Ia 4500
008 220620s9999||||xx |||||||||||||| ||und||
100 _aMargarita Stoytcheva
245 0 _aPesticides - The Impacts of Pesticides Exposure
546 _aEnglish[eng]
650 _aLife Sciences||Plant Biology||Agricultural and Biological Sciences||Pestology
856 _uhttps://www.intechopen.com/books/pesticides-the-impacts-of-pesticides-exposure
942 _cEB
999 _c29713
_d29713